[Event "POL-chT U19 2nd League"]
[Site "Iwonicz"]
[Date "2015.08.01"]
[Round "5.31"]
[White "Czerw, Dawid"]
[Black "Modlich, Kacper"]
[Result "1-0"]
[WhiteElo "2190"]
[BlackElo "1618"]
[PlyCount "97"]
[EventDate "2015.07.25"]
[EventType "team-swiss"]
[EventRounds "11"]
[EventCountry "POL"]
[SourceTitle "EXT 2019"]
[Source "ChessBase"]
[SourceDate "2018.10.10"]
[SourceVersion "1"]
[SourceVersionDate "2018.10.10"]
[SourceQuality "1"]
[WhiteTeam "Jastrzebie Zdroj Pionier U19"]
[BlackTeam "Gliwice Akademia Szachowa U19"]
[WhiteTeamCountry "POL"]
[BlackTeamCountry "POL"]

1. d4 Nf6 2. c4 c5 3. d5 e6 4. Nc3 exd5 5. cxd5 d6 6. g3 g6 7. Bg2 Bg7 8. Nf3 0-0 9. 0-0 Nbd7 10. Bf4 Qe7 11. h3 a6 12. a4 b6 13. Re1 Bb7 14. e4 Ne8 15. Qe2 f6 16. h4 Ne5 17. Nd2 Bc8 18. h5 g5 19. Bxe5 fxe5 20. Nc4 Rb8 21. Ne3 Nf6 22. Bf3 Qf7 23. Nf5 Bxf5 24. exf5 g4 25. Bxg4 Nxg4 26. Qxg4 Qxf5 27. Qxf5 Rxf5 28. Ne4 Rd8 29. Ra3 Bf8 30. Kg2 Be7 31. g4 Rf4 32. f3 Kf7 33. Rb1 Rg8 34. Re3 Rb8 35. b4 c4 36. b5 Ra8 37. Rc3 axb5 38. axb5 Ra4 39. Rbc1 Rb4 40. Rxc4 Rxb5 41. Rc7 Rxd5 42. Rb7 Ke6 43. Rcc7 Bh4 44. Rxh7 Rb5 45. Rh6+ Kd5 46. Rxd6+ Kc4 47. Rdxb6 Ra5 48. Rb4+ Kd3 49. Rd7+ 1-0

[Event "POL-chT U19 2nd League"]
[Site "Iwonicz"]
[Date "2015.08.01"]
[Round "11.7"]
[White "Kindler, Przemyslaw"]
[Black "Modlich, Kacper"]
[Result "1/2-1/2"]
[WhiteElo "1868"]
[BlackElo "1618"]
[PlyCount "84"]
[EventDate "2015.07.25"]
[EventType "team-swiss"]
[EventRounds "11"]
[EventCountry "POL"]
[SourceTitle "EXT 2019"]
[Source "ChessBase"]
[SourceDate "2018.10.10"]
[SourceVersion "1"]
[SourceVersionDate "2018.10.10"]
[SourceQuality "1"]
[WhiteTeam "Gdansk Korona U19"]
[BlackTeam "Gliwice Akademia Szachowa U19"]
[WhiteTeamCountry "POL"]
[BlackTeamCountry "POL"]

1. e4 c5 2. Nf3 e6 3. d4 cxd4 4. Nxd4 Nf6 5. f3 Nc6 6. c3 d5 7. Bb5 Bd7 8. Bxc6 bxc6 9. e5 Ng8 10. 0-0 c5 11. Ne2 Ne7 12. f4 h5 13. Nd2 Nf5 14. Nf3 h4 15. Kh1 Be7 16. Neg1 Bc6 17. a3 a5 18. Re1 Rb8 19. Rb1 Qd7 20. b3 h3 21. Nxh3 d4 22. Nhg5 Bxg5 23. Nxg5 Qd5 24. Nf3 dxc3 25. Qc2 Nd4 26. Qxc3 Nxf3 27. Qxf3 Qxf3 28. gxf3 Rh3 29. Re3 Rxf3 30. Rxf3 Bxf3+ 31. Kg1 c4 32. b4 Be4 33. Rb2 c3 34. Rb3 axb4 35. Rxb4 Rxb4 36. axb4 Kd7 37. Kf2 Kc6 38. Ke3 Bf5 39. Kd4 c2 40. Kc4 Bg6 41. Be3 Bf5 42. Bc1 Be4 1/2-1/2

[Event "POL-chT U19 2nd League"]
[Site "Iwonicz"]
[Date "2015.08.01"]
[Round "9.61"]
[White "Klepek, Witold"]
[Black "Modlich, Kacper"]
[Result "1-0"]
[WhiteElo "1947"]
[BlackElo "1618"]
[PlyCount "57"]
[EventDate "2015.07.25"]
[EventType "team-swiss"]
[EventRounds "11"]
[EventCountry "POL"]
[SourceTitle "EXT 2019"]
[Source "ChessBase"]
[SourceDate "2018.10.10"]
[SourceVersion "1"]
[SourceVersionDate "2018.10.10"]
[SourceQuality "1"]
[WhiteTeam "Pszczyna PSSz U19"]
[BlackTeam "Gliwice Akademia Szachowa U19"]
[WhiteTeamCountry "POL"]
[BlackTeamCountry "POL"]

1. e4 c5 2. Nf3 d6 3. d4 cxd4 4. Nxd4 Nf6 5. Nc3 g6 6. f4 Nc6 7. Nxc6 bxc6 8. e5 Ng4 9. Be2 h5 10. h3 Nh6 11. exd6 exd6 12. Qd4 Qh4+ 13. Kd1 Ng4 14. Ne4 d5 15. g3 Qe7 16. hxg4 Qxe4 17. Qxe4+ dxe4 18. gxh5 Bc5 19. Bd2 Be6 20. Bc3 0-0-0+ 21. Ke1 Rh7 22. Rd1 Bd5 23. Be5 f5 24. Ba6+ Kd7 25. c4 Ke6 26. cxd5+ cxd5 27. Rc1 Bb4+ 28. Kd1 gxh5 29. Bc8+ 1-0

[Event "POL-chT U19 2nd League"]
[Site "Iwonicz"]
[Date "2015.08.01"]
[Round "4.7"]
[White "Kyc, Jerzy"]
[Black "Modlich, Kacper"]
[Result "1-0"]
[WhiteElo "2127"]
[BlackElo "1618"]
[PlyCount "130"]
[EventDate "2015.07.25"]
[EventType "team-swiss"]
[EventRounds "11"]
[EventCountry "POL"]
[SourceTitle "EXT 2019"]
[Source "ChessBase"]
[SourceDate "2018.10.10"]
[SourceVersion "1"]
[SourceVersionDate "2018.10.10"]
[SourceQuality "1"]
[WhiteTeam "Krakow Wisla U19"]
[BlackTeam "Gliwice Akademia Szachowa U19"]
[WhiteTeamCountry "POL"]
[BlackTeamCountry "POL"]

1. e4 e5 2. Nf3 Nc6 3. Bb5 a6 4. Ba4 Nf6 5. d3 d6 6. c3 g6 7. 0-0 Bg7 8. Nbd2 0-0 9. Re1 Re8 10. Bc2 h6 11. d4 exd4 12. cxd4 Nb4 13. Bb1 c5 14. d5 a5 15. a3 Na6 16. Bd3 Bg4 17. Qb3 Qc7 18. h3 Bxf3 19. Nxf3 c4 20. Qxc4 Qxc4 21. Bxc4 Nxe4 22. Bb5 Re7 23. Rb1 Nc7 24. Bc4 b5 25. Bd3 Rae8 26. Be3 Nf6 27. Bb6 Rxe1+ 28. Nxe1 Nfxd5 29. Bxa5 Ra8 30. Bd2 Nb6 31. Bb4 Nc4 32. Bxc4 bxc4 33. Bxd6 Nb5 34. Bb4 c3 35. bxc3 Nxc3 36. Rb3 Nb5 37. Nf3 Rd8 38. g4 Rd1+ 39. Kg2 Nd4 40. Nxd4 Bxd4 41. a4 Ra1 42. a5 Ra2 43. Be1 Re2 44. Rb8+ Kg7 45. Kf1 Ra2 46. Rd8 Bf6 47. Rd5 Ra1 48. Ke2 Ra3 49. Bb4 Ra4 50. Rb5 Bd8 51. Bc3+ Bf6 52. Bb4 Bd8 53. Kd3 Rxb4 54. Rxb4 Bxa5 55. Rb7 g5 56. Ke4 Bd2 57. Rb2 Bc1 58. Rc2 Bf4 59. h4 Bh2 60. hxg5 hxg5 61. Kf5 Bf4 62. Re2 Bc1 63. Re1 Bf4 64. Rd1 Kh6 65. Re1 Kg7 1-0

[Event "POL-chT U19 2nd League"]
[Site "Iwonicz"]
[Date "2015.08.01"]
[Round "3.31"]
[White "Modlich, Kacper"]
[Black "Snihur, Piotr"]
[Result "0-1"]
[WhiteElo "1618"]
[BlackElo "2124"]
[PlyCount "77"]
[EventDate "2015.07.25"]
[EventType "team-swiss"]
[EventRounds "11"]
[EventCountry "POL"]
[SourceTitle "EXT 2019"]
[Source "ChessBase"]
[SourceDate "2018.10.10"]
[SourceVersion "1"]
[SourceVersionDate "2018.10.10"]
[SourceQuality "1"]
[WhiteTeam "Gliwice Akademia Szachowa U19"]
[BlackTeam "Konin UKS Smecz U19"]
[WhiteTeamCountry "POL"]
[BlackTeamCountry "POL"]

1. e4 c5 2. Nf3 e6 3. d4 cxd4 4. Nxd4 Nf6 5. Nc3 d6 6. Be2 a6 7. a4 Nc6 8. 0-0 Qc7 9. Be3 Be7 10. f4 0-0 11. Kh1 Bd7 12. Nb3 b6 13. Qe1 Rfe8 14. Qf2 Reb8 15. Nd2 Be8 16. Nc4 Nd7 17. Bd3 Nb4 18. a5 b5 19. Nb6 Nxb6 20. Bxb6 Qb7 21. Rad1 Rc8 22. Qg3 Bf8 23. f5 Nxd3 24. Qxd3 b4 25. Ne2 Bb5 26. Qd2 Qxe4 27. Ng3 Qxc2 28. Rf2 Qxd2 29. Rfxd2 Rc4 30. Rd4 Rac8 31. h3 Rxd4 32. Rxd4 Rc1+ 33. Kh2 Rc2 34. Rxb4 Bc6 35. h4 Rxg2+ 36. Kh3 Rc2 37. Ne4 h6 38. fxe6 fxe6 39. Nc3 0-1

[Event "POL-chT U19 2nd League"]
[Site "Iwonicz"]
[Date "2015.08.01"]
[Round "10.31"]
[White "Modlich, Kacper"]
[Black "Walter, Szymon"]
[Result "1/2-1/2"]
[WhiteElo "1618"]
[BlackElo "2240"]
[PlyCount "47"]
[EventDate "2015.07.25"]
[EventType "team-swiss"]
[EventRounds "11"]
[EventCountry "POL"]
[SourceTitle "EXT 2019"]
[Source "ChessBase"]
[SourceDate "2018.10.10"]
[SourceVersion "1"]
[SourceVersionDate "2018.10.10"]
[SourceQuality "1"]
[WhiteTeam "Gliwice Akademia Szachowa U19"]
[BlackTeam "Podlesie UKS 21 U19"]
[WhiteTeamCountry "POL"]
[BlackTeamCountry "POL"]

1. e4 c5 2. Nf3 e6 3. d4 cxd4 4. Nxd4 Nc6 5. Nxc6 bxc6 6. Bd3 Nf6 7. 0-0 d6 8. Nd2 e5 9. Nc4 Be7 10. b3 0-0 11. Bb2 Be6 12. Qe2 Qc7 13. f4 exf4 14. e5 Nd5 15. exd6 Bxd6 16. Nxd6 Qxd6 17. Bxh7+ Kxh7 18. Qh5+ Kg8 19. Bxg7 Kxg7 20. Qg5+ Kh7 21. Qh5+ Kg7 22. Qg5+ Kh7 23. Qh5+ Kg7 24. Qg5+ 1/2-1/2

[Event "POL-ch U14"]
[Site "Suwalki"]
[Date "2015.04.14"]
[Round "9"]
[White "Pytel, Maciej"]
[Black "Modlich, Kacper"]
[Result "1-0"]
[WhiteElo "1821"]
[BlackElo "1626"]
[PlyCount "109"]
[EventDate "2015.04.08"]
[EventType "swiss"]
[EventRounds "9"]
[EventCountry "POL"]
[SourceTitle "EXT 2017"]
[Source "ChessBase"]
[SourceDate "2016.10.25"]
[SourceVersion "1"]
[SourceVersionDate "2016.10.25"]
[SourceQuality "1"]

1. e4 c5 2. Nf3 d6 3. d4 cxd4 4. Nxd4 Nf6 5. Nc3 a6 6. Bg5 e6 7. f4 Be7 8. Qf3 Qc7 9. 0-0-0 Nbd7 10. g3 h6 11. Bxf6 Bxf6 12. Bh3 Qb6 13. Nb3 Nc5 14. Rhe1 Bd7 15. e5 Bc6 16. Rxd6 Be7 17. Qg4 Bxd6 18. Qxg7 0-0-0 19. exd6 Nxb3+ 20. axb3 Rdf8 21. Kb1 Qd8 22. Qe5 Qd7 23. f5 f6 24. Qc5 e5 25. Rd1 Kb8 26. b4 Rc8 27. Qf2 Rhd8 28. Bf1 Qf7 29. Qb6 Qf8 30. b5 Rxd6 31. Rxd6 Qxd6 32. bxc6 Rxc6 33. Qf2 Qb4 34. Na2 Qg4 35. Be2 Qa4 36. Bh5 Rd6 37. Nc3 Qd7 38. Kc1 Rd4 39. Be2 Qg7 40. h4 Qd7 41. Bd3 Qc6 42. Qe3 Qh1+ 43. Nd1 Ra4 44. Be2 Qe4 45. Qd3 Rd4 46. Qa3 Ka7 47. Qe3 Qd5 48. c3 Qc5 49. Qxh6 Rd6 50. Kc2 Qa5 51. Qe3+ b6 52. Nf2 Qa4+ 53. Kb1 Rd5 54. Nd3 e4 55. Nb4 1-0

[Event "POL-ch U14"]
[Site "Suwalki"]
[Date "2015.04.13"]
[Round "8"]
[White "Modlich, Kacper"]
[Black "Brozyna, Mateusz"]
[Result "0-1"]
[WhiteElo "1626"]
[BlackElo "1641"]
[PlyCount "64"]
[EventDate "2015.04.08"]
[EventType "swiss"]
[EventRounds "9"]
[EventCountry "POL"]
[SourceTitle "EXT 2017"]
[Source "ChessBase"]
[SourceDate "2016.10.25"]
[SourceVersion "1"]
[SourceVersionDate "2016.10.25"]
[SourceQuality "1"]

1. e4 e6 2. d4 d5 3. Nc3 Nf6 4. e5 Nfd7 5. f4 c5 6. Nf3 Nc6 7. Be3 cxd4 8. Nxd4 Bc5 9. Qd2 0-0 10. 0-0-0 a6 11. g4 Bxd4 12. Bxd4 b5 13. Ne2 b4 14. Qe3 Qe7 15. Bg2 Nxd4 16. Nxd4 Bb7 17. Rhe1 Rfe8 18. Qg3 Nb8 19. f5 Nc6 20. fxe6 Qg5+ 21. Kb1 fxe6 22. h4 Qg6 23. h5 Qg5 24. Nf3 Qe7 25. h6 g6 26. g5 Qc5 27. Bh3 a5 28. Nh2 Nd4 29. Qg1 Qxc2+ 30. Ka1 Nb3+ 31. axb3 a4 32. bxa4 Rxa4# 0-1

[Event "POL-ch U14"]
[Site "Suwalki"]
[Date "2015.04.11"]
[Round "5"]
[White "Ochowicz, Jakub"]
[Black "Modlich, Kacper"]
[Result "1-0"]
[WhiteElo "1927"]
[BlackElo "1626"]
[PlyCount "63"]
[EventDate "2015.04.08"]
[EventType "swiss"]
[EventRounds "9"]
[EventCountry "POL"]
[SourceTitle "EXT 2017"]
[Source "ChessBase"]
[SourceDate "2016.10.25"]
[SourceVersion "1"]
[SourceVersionDate "2016.10.25"]
[SourceQuality "1"]

1. e4 c5 2. Nf3 d6 3. d4 cxd4 4. Nxd4 Nf6 5. Nc3 a6 6. Be3 e6 7. a4 Be7 8. Be2 0-0 9. 0-0 Nc6 10. f4 Qc7 11. Kh1 Re8 12. Bd3 Nb4 13. Qf3 b6 14. Qg3 Bb7 15. e5 Nh5 16. Qh3 g6 17. f5 exf5 18. Nxf5 f6 19. Nxe7+ Qxe7 20. exf6 Nxf6 21. Bg5 Rf8 22. Qh4 Nxd3 23. Bxf6 Rxf6 24. Rxf6 Ne5 25. Raf1 Kg7 26. Ne4 Rf8 27. Ng5 Nf3 28. R6xf3 Rxf3 29. Qxh7+ Kf6 30. Qxe7+ Kxe7 31. Nxf3 Bxf3 32. Rxf3 1-0

[Event "POL Olympiad U14"]
[Site "Spala"]
[Date "2014.12.30"]
[Round "1.8"]
[White "Chylewski, Patryk"]
[Black "Modlich, Kacper"]
[Result "1-0"]
[WhiteElo "1899"]
[BlackElo "1592"]
[PlyCount "65"]
[EventDate "2014.04.06"]
[EventType "swiss"]
[EventRounds "9"]
[EventCountry "POL"]
[SourceTitle "EXT 2023"]
[Source "ChessBase"]
[SourceDate "2022.10.05"]
[SourceVersion "1"]
[SourceVersionDate "2022.10.05"]
[SourceQuality "1"]

1. d4 d5 2. c4 e6 3. Nc3 Nf6 4. Bg5 c6 5. e3 Nbd7 6. Nf3 Be7 7. Bd3 dxc4 8. Bxc4 b5 9. Bd3 Bb7 10. 0-0 0-0 11. Rc1 a6 12. a4 b4 13. Ne4 Nxe4 14. Bxe7 Nxf2 15. Bxh7+ Kh8 16. Rxf2 Qxe7 17. Be4 Rac8 18. Ne5 Nf6 19. Nxc6 Bxc6 20. Bxc6 g6 21. Qf3 Kg7 22. Rfc2 Rc7 23. Qe2 Qd6 24. Bf3 Rfc8 25. Qd2 a5 26. Be2 Nd5 27. Bc4 Nf6 28. Qe2 e5 29. d5 Nxd5 30. Qd3 Rd8 31. Rd2 Rc6 32. Rcd1 Rxc4 33. Qxc4 1-0

[Event "Polanica Zdroj op-D 48th"]
[Site "Polanica Zdroj"]
[Date "2012.08.23"]
[Round "6"]
[White "Modlich, Kacper"]
[Black "Duch, Robert"]
[Result "0-1"]
[WhiteElo "1490"]
[BlackElo "1853"]
[PlyCount "88"]
[EventDate "2012.08.18"]
[EventType "swiss"]
[EventRounds "9"]
[EventCountry "POL"]
[SourceTitle "EXT 2014"]
[Source "ChessBase"]
[SourceDate "2013.11.20"]
[SourceVersion "1"]
[SourceVersionDate "2013.11.20"]
[SourceQuality "1"]

1. e4 c5 2. Nf3 d6 3. d4 cxd4 4. Nxd4 Nf6 5. Nc3 g6 6. Be3 Bg7 7. f3 0-0 8. Qd2 Nc6 9. Bc4 Bd7 10. 0-0-0 Qa5 11. Kb1 Rfc8 12. Bb3 Ne5 13. h4 h5 14. g4 hxg4 15. Rdg1 Nc4 16. Bxc4 Rxc4 17. Nb3 Qh5 18. fxg4 Bxg4 19. Nd4 Rac8 20. Nde2 Bxe2 21. Qxe2 Qxe2 22. Nxe2 Rxe4 23. Rg3 Nd5 24. Rhh3 Rxe3 25. Rxe3 Nxe3 26. Rxe3 Bf6 27. Rh3 Rc4 28. h5 Re4 29. Rh2 gxh5 30. c3 h4 31. Kc2 Kf8 32. Kd3 Rg4 33. Ke3 Be5 34. Rh3 f5 35. b3 Bg3 36. Kf3 e5 37. Ke3 Ke7 38. Kf3 Ke6 39. Rh1 d5 40. Rd1 e4+ 41. Kg2 Be5+ 42. Kh3 Rg7 43. Kxh4 f4 44. Kh3 Kf5 0-1

[Event "POL-chT U19 2nd League"]
[Site "Borowice"]
[Date "2012.07.27"]
[Round "9"]
[White "Pasieka, Marcin"]
[Black "Modlich, Kacper"]
[Result "1/2-1/2"]
[WhiteElo "1464"]
[BlackElo "1490"]
[PlyCount "81"]
[EventDate "2012.07.21"]
[EventType "team-swiss"]
[EventRounds "11"]
[EventCountry "POL"]
[SourceTitle "EXT 2014"]
[Source "ChessBase"]
[SourceDate "2013.11.20"]
[SourceVersion "1"]
[SourceVersionDate "2013.11.20"]
[SourceQuality "1"]
[WhiteTeam "Chorzowskie Towarzystwo Szachowe U19"]
[BlackTeam "Gliwice Akademia Szachowa U19"]
[WhiteTeamCountry "POL"]
[BlackTeamCountry "POL"]

1. e4 c5 2. c3 a6 3. d4 e6 4. Be3 Qc7 5. e5 Nc6 6. a3 b5 7. b4 cxd4 8. cxd4 Bb7 9. f4 d6 10. Nf3 Nge7 11. Nbd2 Nd5 12. Qb3 Be7 13. Rc1 0-0 14. Be2 Rac8 15. Kf2 Qd7 16. Rhd1 Rfd8 17. Ne4 h6 18. Qd3 Bf8 19. Nc3 Nce7 20. Nxd5 Nxd5 21. Nd2 dxe5 22. Rxc8 Rxc8 23. Ne4 exf4 24. Bd2 Be7 25. Nc5 Bxc5 26. dxc5 Qc7 27. Bf3 Kf8 28. Qe4 Kg8 29. Bxf4 Qe7 30. Qe5 f6 31. Qd6 Qxd6 32. Bxd6 Kf7 33. Bxd5 Bxd5 34. Rc1 Rc6 35. g3 Rc8 36. Ke3 Bc4 37. Rc2 Bd5 38. Rf2 Ra8 39. Rc2 Rc8 40. Rc1 g5 41. Rf1 1/2-1/2